[Event "Julian Borowski-A 3rd"]
[Site "Essen"]
[Date "2001.05.06"]
[Round "5"]
[White "Dautov, Rustem"]
[Black "Smagin, Sergey"]
[Result "1-0"]
[WhiteElo "2631"]
[BlackElo "2613"]
[Annotator "Dautov,Rustem"]
[PlyCount "87"]
[EventDate "2001.05.02"]
[EventType "tourn"]
[EventRounds "9"]
[EventCountry "GER"]
[EventCategory "15"]
[SourceTitle "CBM 083"]
[Source "ChessBase"]
[SourceDate "2001.07.05"]
[SourceVersion "1"]
[SourceVersionDate "2001.07.05"]
[SourceQuality "1"]

1. d4 {Tsesarsky} Nf6 2. Nf3 d5 3. c4 e6 4. Bg5 {Diese ungewöhnliche Zugreihenfolge hatte den Zweck, die Cambridge Springs-Variante (4.c3 c6 5.g5 a5) zu vermeiden, die Smagin sehr häufig und erfolgreich anwendet.} c6 5. Nbd2 {Tsesarsky: 'This move is more passive than regular c3, but White avoids well investigated long theoretical variations.'} Be7 (5... Nbd7 6. e3 Be7 (6... Qa5 7. a3 $14) 7. Bd3 O-O 8. O-O b6 9. cxd5 cxd5 (9... exd5 $6 10. Qc2 Bb7 11. Ne5 $36) 10. Rc1 Bb7 11. Qa4 a6 12. Qb3 Bd6 13. Rc3 h6 14. Bh4 Qb8 15. Bxf6 gxf6 16. Rfc1 $14 {Karpov,A-Ljubojevic,L/Wijk aan Zee 1988}) (5... h6 6. Bxf6 Qxf6 7. e3 (7. g3 $14) 7... Nd7 8. Bd3 $14) ({interesting also} 5... Nbd7 $5 {[%cal Gb7b6,Gc6c5] Tsesarsky}) 6. e3 (6. Qc2 {Tsesarsky} O-O {[%cal Ge2e4]} 7. e3 (7. e4 $2 {Tsesarsky} Nxe4 8. Bxe7 Qxe7 9. Nxe4 dxe4 10. Qxe4 Qb4+ $17) 7... Nbd7 8. Bd3 h6 9. Bh4 dxc4 10. Bxc4 (10. Nxc4 $5 {Tsesarsky}) 10... a6 11. O-O b5 12. Be2 Bb7 13. Nb3 Rc8 14. Nc5 Nxc5 15. dxc5 Nd7 16. Bxe7 Qxe7 17. b4 $14 {½-½ Opocensky,K-Foltys,J/Prague 1943/EXT 98 (61)}) 6... O-O (6... Ne4 {Tsesarsky} 7. Bxe7 Qxe7 8. Bd3 f5 9. Ne5 O-O 10. O-O c5 (10... Nd7 {Tsesarsky} 11. Ndf3 Ng5 12. Nxg5 Qxg5 13. f4 Qe7 14. Nf3 $14 {0-1 Petrosian,T-Mukhitdinov,M/Tashkent 1951/MCD (40)}) 11. Nb3 cxd4 12. exd4 dxc4 13. Bxc4 Nd7 14. Rc1 Nd6 15. Re1 $14 {1-0 Kotov,A-Sajtar,J/Moscow 1946/MCL (37)}) (6... Nbd7 {Tsesarsky} 7. a3 O-O (7... Nh5 {Tsesarsky} 8. Bxe7 Qxe7 9. Bd3 Nhf6 10. Qc2 O-O 11. O-O g6 12. Rfe1 e5 13. cxd5 Nxd5 14. Bc4 $14 {1-0 Rantanen,Y-Koskinen,H/FIN 1993/EXT 98 (49)}) 8. Qc2 h6 9. Bh4 Nh5 10. Bxe7 (10. Bg3 {Tsesarsky} Nxg3 11. hxg3 Bf6 12. cxd5 cxd5 13. Be2 e5 14. dxe5 Nxe5 15. Nxe5 Bxe5 16. Nf3 Bf6 17. Rd1 Qb6 $11 {½-½ Opocensky,K-Kottnauer,C/Prague 1946/MCD (42)}) 10... Qxe7 11. Bd3 $14) 7. Bd3 (7. Rc1 {Tsesarsky} b6 8. Bd3 Bb7 9. cxd5 cxd5 10. O-O Ne4 11. Bxe7 Qxe7 12. Qc2 $14 {1-0 Hebden,M-Bern,I/Cappelle la Grande 1995/EXT 97 (38)}) 7... h6 (7... b6 {Tsesarsky} 8. O-O Bb7 9. cxd5 cxd5 10. Ne5 Nfd7 11. Bxe7 (11. Qh5 $6 {Tsesarsky} g6 $1 12. Nxg6 fxg6 13. Bxg6 hxg6 14. Qxg6+ Kh8 15. Qh6+ Kg8 16. Qg6+ Kh8 {½-½ Beliavsky,A-Sveshnikov,E/Ashkhabad 1978/MCL/[Bulletin] (16)}) 11... Qxe7 12. f4 $1 $14) (7... Nbd7 {Tsesarsky} 8. Qc2 h6 9. h4 c5 10. O-O-O b5 11. cxd5 c4 12. d6 cxd3 13. Qc6 hxg5 14. dxe7 Qxe7 15. hxg5 $16 {1-0 Hicker,H-Hlavnicka,J/Schwarzach 1997/EXT 99 (18)}) 8. Bh4 b6 {'!?' Tsesarsky.} (8... c5 9. O-O (9. dxc5 $1 {Tsesarsky} Na6 10. Nb3 Nxc5 11. Nxc5 Bxc5 12. O-O dxc4 13. Bxc4 {[%csl Rc8][%cal Gh4d8]} Qe7 {[%cal Gc8d7,Gf8d8,Gb7b6] and Black successfully newtralizes White's development advantage.} 14. Ne5 (14. Qc2 {Tsesarsky} b6 15. Rad1 Bb7 16. Ne5 g5 17. Bg3 Rfd8 $11) 14... Rd8 $11) 9... cxd4 10. exd4 Nc6 11. Rc1 b6 12. a3 $14 (12. Bb1 {Tsesarsky} Bb7 13. Re1 Rc8 14. a3 dxc4 15. Nxc4 Na5 16. Qd3 Re8 17. Bxf6 Bxf6 18. Nce5 Kf8 $132 {0-1 Hartston,W-Hamann,S/Ribe 1979/EXT 98 (50)})) 9. O-O Bb7 10. Rc1 Nbd7 {Schwarz hat sich logisch aufgebaut. Sein Tempoverlust (c7-c6 und c6-c5) wird durch die etwas ungünstige Position des weißen Springers auf d2 kompensiert.} 11. cxd5 exd5 (11... cxd5 12. Qa4 a6 13. Qb3 $14 (13. Bg3 {Tsesarsky} b5 14. Qc2 $14 {1-0 Markos,J-Nagy,A/Nove Zamky 1999/EXT 2000 (30)})) 12. Bf5 $146 Re8 (12... c5 13. Qa4) 13. Qb3 $146 {Wird von Smagin energisch beantwortet.} ({Genauer war} 13. Qa4 $1 {,z.B,} c5 14. Rfd1 (14. Ne5 Nxe5 15. dxe5 Nh7 16. Bxe7 Qxe7 17. f4 $13) 14... a6 15. dxc5 bxc5 16. Nb3 $1 $14) ({RR} 13. Bg3 c5 14. Ne5 Bf8 15. f4 Nxe5 16. dxe5 Ne4 17. Nxe4 dxe4 18. Qc2 Ba6 19. Bxe4 Bxf1 20. Bxa8 Qxa8 21. Rxf1 Rd8 22. Bh4 Rd7 23. e4 Rd4 24. Re1 Qc6 25. Bf2 Rd8 26. b3 b5 27. h3 a6 {Ushenina,A (2486)-Rozic,V (2277) Ljubljana 2007 ½-½ (97)}) 13... a5 $1 14. Ne5 a4 $1 {'!?' Tsesarsky.} (14... Nxe5 {Tsesarsky} 15. dxe5 Nd7 16. e6 (16. Bxe7 {Tsesarsky} Qxe7 17. f4 a4 18. Qc2 {-like in this game.}) 16... fxe6 (16... Bxh4 {Tsesarsky} 17. exd7 Re5 18. Bh3 $14 {[%csl Gd7]}) 17. Bxe6+ Kh8 18. Bxe7 Rxe7 19. Bf5 Nc5 $132) 15. Qc2 Nxe5 16. dxe5 Nd7 17. Bxe7 (17. e6 $2 fxe6 18. Bxe6+ Kh8 19. Bxd7 (19. Bxe7 {Tsesarsky} Qxe7 20. Bf5 Nc5 $132) 19... Qxd7 20. Bxe7 Qxe7 21. Nf3 c5 $15) 17... Qxe7 18. f4 c5 $6 {'?!' Tsesarsky. Nach diesem schablonenhaften Zug ereicht Weiß eine günstige Zentrumsformation. Zum gleichen Spiel führte 18...c5 oder 18...f6.} (18... Nc5 $11 {} 19. e4 (19. Nf3 {Tsesarsky} Bc8 (19... f6 $2 {Tsesarsky} 20. Bg6 Red8 21. Nh4 $16) 20. Nd4 Bxf5 21. Nxf5 Qd7 22. Rfd1 Red8 23. Nd6 $132) 19... Rad8 $1) (18... f6 19. e4 $5 (19. Bxd7 Qxd7 20. exf6 Rxe3 21. fxg7 Qxg7 $11) (19. Nf3 fxe5 20. Bxd7 Qxd7 21. Nxe5 Qe6 22. Rf3 c5 23. Rg3 $11) 19... fxe5 20. exd5 cxd5 21. Qc7 Nf8 22. fxe5 Ba6 $11) 19. e4 {'!' Tsesarsky.} g6 (19... d4 $2 20. Nc4 Ba6 21. Bxd7 Bxc4 22. Bxe8 Bxf1 23. Bc6 (23. Bxf7+ {Tsesarsky} Qxf7 24. Rxf1 Qxa2 25. f5 a3 26. f6 axb2 27. Qd3 Qf7 $19) 23... Rc8 24. Rxf1 (24. Qxa4 {Tsesarsky} Be2 25. Bd5 $14) 24... Rxc6 25. Qxa4 $16) (19... Nf8 $5 20. exd5 Bxd5 21. Be4 Bxe4 22. Qxe4 $1 (22. Nxe4 Ne6 23. Nd6 Red8 24. Qc4 Nd4 25. Rce1 Qe6 $11) 22... Rad8 23. Nf3 b5 24. f5 $14) (19... dxe4 $144 {Tsesarsky} 20. Nxe4 $14 {[%cal Ge4d6]}) 20. Bh3 Nf8 (20... a3 21. bxa3 d4 $2 (21... Rxa3 22. exd5 Bxd5 23. Nc4 $14) 22. Nc4 Ba6 23. Bxd7 Bxc4 24. Bxe8 Bxf1 25. Bxf7+ Qxf7 26. Rxf1 Rxa3 27. Qb2 $16) 21. exd5 Bxd5 {Tsesarsky: 'Here White can choose between two  jumps'} 22. Nc4 (22. Ne4 $144 {Tsesarsky} Bxe4 23. Qxe4 {Like in the game, White can fulfill plan of  promotion on the kingside.} Ne6 24. Bxe6 (24. Rfd1 {Tsesarsky} Nd4 $11) 24... Qxe6 25. a3 Ra7 (25... Qb3 {Tsesarsky} 26. f5 g5 27. e6 $16) 26. Rce1 Rd7 27. f5 $1 (27. Qxa4 {Tsesarsky} Rd2 28. f5 gxf5 29. Rxf5 Qxf5 30. Qxe8+ Kg7 31. Rf1 Rxg2+ 32. Kxg2 Qg4+ 33. Kh1 Qe4+ 34. Kg1 Qg4+ 35. Kf2 Qf4+ 36. Ke2 Qe4+ 37. Kd2 Qd4+ 38. Ke2 $11) 27... gxf5 28. Rxf5 Rd4 29. Qf3 Qb3 30. Qh5 $14) 22... Bxc4 23. Qxc4 $14 {Tsesarsky: 'This position can be evaluated only to White's favour in veiw of  Attack on the kingside.'  Der leichte weiße Stellungsvorteil besteht hauptsächlich in der Möglichkeit, mit f4-f5 einen Angriff auf dem Königsflügel zu starten.} a3 (23... Ne6 $2 24. f5 {'!' Tsesarsky.} gxf5 (24... b5 25. Qxb5 $16) (24... Ng5 25. fxg6 $16 Nxh3+ 26. gxh3 Rf8 27. gxf7+ Rxf7 28. Rf6 Ra7 29. Rcf1 $18) 25. Bxf5 Nd4 26. Bb1 Qe6 27. Qd3 Qg6 28. Qxd4 $1 $16) (23... Red8 24. f5 Rd4 25. Qe2 Rad8 26. e6 (26. fxg6 Nxg6 (26... fxg6 $2 27. e6 $16) 27. e6 fxe6 28. Bxe6+ Kh8 $13) (26. Rce1 $5) 26... gxf5 27. exf7+ Qxf7 28. Rxf5 $40) 24. bxa3 Rxa3 $138 {In diesem Augenblick hatte Sergei nur 6-7 Minuten bis zur Zeitkontrolle, was seine Verteidigung erheblich erschwerte.} 25. f5 {'!' Tsesarsky.} g5 $2 $16 {Tsesarsky: 'after this mistake the strong  pair e5 and f5 will weaken black  fortress.'  Mit Sicherheit nicht die beste Verteidigung, aber Smagins Aufgabe war in jedem Fall nicht leicht.} (25... b5 $2 26. Qxc5 Rxa2 27. Qd5 $40) (25... Re3 26. e6 $5 (26. Rb1 Rxe5 27. fxg6 Nxg6 28. Rxb6 Kg7 $14) 26... fxe6 27. f6 Qf7 28. Qf4 Re2 29. Qxh6 Rxa2 30. Rc4 $40) (25... gxf5 26. Rxf5 $40 (26. Bxf5 {Tsesarsky} Qxe5 27. Bg6 $1 {[%csl Rf7]} Re7 28. Bxf7+ Kh8 29. Rcd1 $14) 26... Ne6 $1 (26... Ng6 {Tsesarsky} 27. Re1 Qe6 28. Qe4 Qe7 29. Re2 Rc3 30. Qb1 $14 {[%cal Ge5e6]}) 27. Rh5 (27. Rf6 {Tsesarsky} Ng5 28. Rxh6 Qxe5 $17) 27... Nd4 28. e6 (28. Rxh6 {Tsesarsky} b5 $19 {[%cal Ge7g5]}) 28... fxe6 29. Re1 (29. Rxh6 {Tsesarsky} b5 30. Qxc5 Qxc5 31. Rxc5 Rxa2 32. Rc7 Ne2+ 33. Kf1 Nf4 $11)) (25... Qxe5 $4 {Tsesarsky} 26. fxg6 $18) 26. e6 ({Noch besser war es, in der gegnerischen Zeitnot die Spannung aufrechtzuerhalten.} 26. Rce1 $1 Qa7 27. e6 $16) 26... Qf6 $1 (26... fxe6 {Tsesarsky} 27. fxe6 (27. f6 {Tsesarsky} Qf7 28. Bg4 Rea8 29. Rc2 R8a4 30. Qe2 Rf4 $132) 27... Nxe6 (27... Rxh3 {Tsesarsky} 28. gxh3 Qxe6 29. h4 b5 30. Qxe6+ Nxe6 31. hxg5 hxg5 32. Rce1 $16) 28. Rce1 Rxh3 29. gxh3 $16) 27. Bg4 (27. Rb1 $5 fxe6 28. Rxb6 Qd4+ 29. Qxd4 cxd4 30. fxe6 $16 Rxa2 $2 31. e7 $18) 27... Re7 28. Rcd1 ({Premature is} 28. exf7+ $6 $14 {Tsesarsky} Qxf7 29. f6 (29. Be2 {Tsesarsky} Rae3 30. Qxf7+ Kxf7 31. f6 R7e4 32. Bh5+ Kg8 33. Rb1 $14) 29... Qxc4 30. fxe7 (30. Rxc4 {Tsesarsky} Rc7 31. Rf2 b5 32. Re4 $14) 30... Qd4+ 31. Kh1 Ra8 32. Rcd1 Ng6 $8 33. Rxd4 cxd4 34. Be6+ Kh8 35. Rd1 Nxe7 36. Rxd4 Kg7 37. g4 $14) 28... Kg7 ({Or} 28... Rc3 {Tsesarsky} 29. Qd5 $16) 29. Rd6 Rc3 ({In case of} 29... fxe6 {Tsesarsky} 30. Rxb6 ({Not} 30. fxe6 $2 {Tsesarsky} Qe5 31. Rxb6 Re3 $132) 30... Rc3 31. Qa6 $1 $16 {White keeps an advantage.} ({Not} 31. Qe4 $2 {Tsesarsky} exf5 $1 32. Rxf6 Rxe4 33. R6xf5 Rxg4 34. Rxf8 Ra4 $11)) 30. Qd5 $6 $138 {Selbst allmählich in Zeitnot geraten, handele ich nicht optimal.} ({Viel unangenehmer wäre für Schwarz die Verteidigung mit den Damen auf dem Brett:} 30. Qe2 $1 $16 {d2, exf7}) 30... fxe6 31. fxe6 Qd4+ 32. Qxd4+ cxd4 33. Rxd4 {Tsesarsky: 'Here Black could choose between wrong'} Re3 {'+-?' Tsesarsky.} ({and right} 33... Nxe6 $1 {Tsesarsky} {White can take  after} 34. Rd6 ({Now e6 pin doesn't bring nothing to White:} 34. Re4 {Tsesarsky} Rc6 35. a4 Rd6 36. g3 (36. Bd1 {Tsesarsky} Ra7) 36... Kg6 37. Rfe1 Kf6 38. R1e2 Re8 39. h3 Re7 40. Kf2 Rc6) 34... Nf4 35. Rxb6 Rc2 36. g3 Ne2+ 37. Kg2 Rxa2 38. Rf2 Nc3 39. Rxa2 Nxa2 40. Bf5 Re5 41. g4 Nc3 42. Rg6+ Kf7 43. Rxh6 Nd1 44. Bd3 $16 {Of course, White has advantage, but maybe unsufficient for winning because of law quantity of material.}) 34. Rb4 Nxe6 35. Rxb6 {Im Endspiel hat Weiß gute Gewinnchancen.} Nf4 36. g3 (36. a4 $5 $16) 36... Nd5 37. Rb3 R3e5 38. Bf3 Ne3 39. Re1 g4 40. Kf2 $2 (40. Bb7 $1 Nc4 41. Rxe5 Rxe5 42. a4 $16) 40... gxf3 $2 {Der letzte Zug vor der Zeitkontrolle ist wie so oft ein Fehler.} ({Wesentlich zäher war} 40... Nd1+ $1 41. Rxd1 gxf3 42. a4 Ra5 (42... Re2+ 43. Kxf3 Rxh2 44. Ra3 $16) 43. Rd4 Re2+ 44. Kxf3 Rxh2 $16) 41. Rbxe3 $18 Rxe3 42. Rxe3 Ra7 43. a3 Rb7 44. Kxf3 1-0

[Event "Tata Steel-A 80th"]
[Site "Wijk aan Zee"]
[Date "2018.01.17"]
[Round "5"]
[White "Mamedyarov, Shakhriyar"]
[Black "Caruana, Fabiano"]
[Result "1-0"]
[WhiteElo "2804"]
[BlackElo "2811"]
[Annotator "Sadorra,Julio"]
[PlyCount "85"]
[EventDate "2018.01.13"]
[EventType "tourn"]
[EventRounds "13"]
[EventCountry "NED"]
[EventCategory "20"]
[SourceTitle "CBM 183"]
[Source "ChessBase"]
[SourceDate "2018.03.14"]
[SourceVersion "1"]
[SourceVersionDate "2018.03.14"]
[SourceQuality "1"]

1. d4 Nf6 2. c4 e6 3. Nf3 d5 4. Bg5 Bb4+ 5. Nbd2 $5 {A "Shak specialty." In his post-game interview, Shakriyar admits that he played a "very risky opening" as he sacrificed a pawn early in the game.} dxc4 6. e3 b5 7. Be2 (7. a4 $5 {is also another way to an imbalanced middlegame. For more ideas see Sumet's annotated game in Megabase 2018.}) ({RR} 7. a4 c6 8. Be2 O-O 9. O-O Nbd7 10. Qc2 a5 11. b3 cxb3 12. Qxc6 Rb8 13. Bxb5 Bb7 14. Qc1 Rc8 15. Qd1 b2 16. Rb1 Bc3 17. Qb3 Nb6 18. Rxb2 Bd5 19. Qa3 Bxb2 20. Qxb2 h6 21. Bh4 Qc7 {Mamedyarov,S (2808)-Caruana,F (2816) Paris 2018 0-1 (40)}) ({RR} 7. a3 Bxd2+ 8. Nxd2 a6 9. Qf3 Qd5 10. Bxf6 Qxf3 11. gxf3 gxf6 12. b3 cxb3 13. Rc1 b2 14. Rxc7 Nd7 15. Bd3 f5 16. Ke2 Nb6 17. Nb3 Na4 18. Nc5 {½-½ (18) Adhiban,B (2550)-Girel,J (2492) Chartres FRA 2026}) 7... Bb7 8. O-O O-O 9. b3 c3 $146 {The position is still objectively equal, however there is a great chance that Caruana was surprised by Shak's opening choice and had the unpleasant task of having to recall lines that are not fresh in his mind and defend accurately against Shak's concrete prep.} ({The most recent game in this pawn-sac line continued} 9... cxb3 10. Nxb3 $5 a6 11. Ne5 $1 {White must play energetically otherwise Black simply will complete development and push the queenside pawns.} Nbd7 12. Bf3 Bxf3 13. Qxf3 {White has compensation but not more.} Nxe5 14. dxe5 Qd5 $1 15. Qf4 Ne4 16. Rad1 ({A simpler way is} 16. f3 Nxg5 17. Qxb4 (17. Qxg5 h6 18. Qf4 Bc3 $19) 17... h6 18. Qc3 $44 {White has full compensation due to better pieces and weaknesses on Black's queenside.}) 16... Qb7 (16... Nc3 $5 17. Qxb4 Nxd1 18. Qg4 {[%csl Rd1][%cal Rg5f6]} Qxe5 19. Rxd1 h5 $1 20. Qh4 (20. Qf4 Qxf4 21. Bxf4 Rfd8 $15) 20... f6 21. Bf4 Qf5 $13) 17. Rd4 Nxg5 18. Rxb4 h6 19. h4 Nh7 20. Rc1 $11 {½-½ (64) Swapnil,S (2531)-Das,A (2443) Bhubaneswar IND 2018}) ({The only game played before this game happened was} 9... Bxd2 10. Qxd2 cxb3 11. axb3 a6 12. Rfc1 {White had a Catalan-type of compensation and queenside pressure.} Nbd7 {Here White could improve with} 13. Qb2 $1 (13. Qe1 {0-1 (32) Penttinen,J (2322)-Moiseenko,A (2678) Kallithea 2008}) 13... Rc8 {[%cal Gc7c5]} 14. Ne5 Nxe5 15. dxe5 Qd5 16. Bf3 {now the e-pawn is guarded.} Ne4 17. Be7 $1 {An important intermediate move to limit the enemy queen's mobility.} Rfe8 18. Rd1 Qc6 19. Bh4 $1 $40 {I like retreating the bishop on this diagonal as it prevents enemy rooks from going to d8 and keeps the attacking possibility of sac-ing on f6 in the future.}) ({RR} 9... cxb3 10. Nxb3 a6 11. Ne5 Nbd7 12. Bf3 Bxf3 13. Qxf3 Nxe5 14. dxe5 Qd5 15. Qf4 Ne4 16. Rad1 Qb7 17. Rd4 Nxg5 18. Rxb4 h6 19. h4 Nh7 20. Rc1 Rad8 21. Na5 Qd5 22. Nc6 Qd2 23. Rbb1 Rd7 24. a4 {Swapnil,S (2531)-Das,A (2443) Bhubaneswar 2018 ½-½ (64)}) ({RR} 9... Bxd2 10. Qxd2 cxb3 11. axb3 a6 12. Rfc1 Nbd7 13. Qe1 Bd5 14. Nd2 Qb8 15. f3 Qb6 16. Bh4 e5 17. Qf2 exd4 18. exd4 a5 19. Bd3 Rfe8 20. g4 a4 21. bxa4 Rxa4 22. Rxa4 bxa4 23. Bg3 a3 24. Nb1 {Penttinen,J (2322)-Moiseenko,A (2678) Kallithea 2008 0-1 (32)}) 10. a3 Be7 11. Nb1 c5 12. Nxc3 a6 (12... cxd4 13. Nxd4 a6 14. Bf3 Bxf3 ({The engine recommends the unnatural} 14... Qb6 $5 15. Ne4 Nbd7 {[%cal Gf8d8,Ga8c8] After which Black has no problems.}) 15. Qxf3 Ra7 16. Rfd1 $36 {Is certainly a line that can be worrisome for Black.}) 13. dxc5 Bxc5 14. Qc2 Nbd7 15. Rfd1 Rc8 16. Bxf6 $1 {giving Black a long-term weakness before he improves his pieces.} (16. b4 Be7 {There is no clear way for White to create any real pressure on Black's position.} 17. Ne5 Qe8 $1 18. Nxd7 Nxd7 19. Bxe7 Qxe7 $11) 16... gxf6 17. b4 Be7 18. Rac1 Qe8 ({Another good and typical way of improving this type of position is} 18... Rc7 $1 {[%cal Gd8a8,Gf8c8]} 19. Nd4 Qa8 $132 (19... Kh8 $5 {[%cal Gf8g8]} 20. Bf3 Bxf3 21. Nxf3 Qa8 $11)) 19. Qb1 Nb6 {Improving the knight and keeping an eye on White's a3-a4 pawn break.} ({I'm sure Caruana also considered} 19... f5 {with the idea to relocate the bishop on h8-a1 diagonal and keep the c3-knight from e4, but was concerned about} 20. a4 {but there was nothing to fear after} (20. e4 fxe4 21. Nxe4 Rxc1 22. Rxc1 f5 $1 23. Ng3 Bd5 $15) 20... bxa4 21. Nxa4 Be4 $1 22. Qb3 (22. Qa1 Rxc1 23. Rxc1 Bxb4 24. Bxa6 (24. Nc3 Bxf3 25. Bxf3 a5 $15) 24... Qe7 $15 {[%csl Rg2][%cal Gh7h6,Gg8h7,Gf8g8,Rg8g2,Re4g2]}) 22... Rxc1 23. Rxc1 Qb8 24. Bxa6 Qxb4 $15) 20. Nd4 Kh8 21. Bf3 Bxf3 22. Nxf3 Nc4 ({Also natural and good is} 22... Rg8 23. Ne4 Rxc1 24. Rxc1 Qa8 $132) 23. Ne4 {Shak continues to play natural moves that improve his position.} Qc6 {So does Caruana.} 24. Nfd2 Qb7 $2 {With the aim of playing it safe and solid, Caruana makes an inaccuracy. Interestingly, according to his interview, Shak correctly sensed that this was a mistake.} ({There was nothing wrong with continuing to play normal moves:} 24... Rfd8 $1 {Black will have enough resources to hold with his isolated passed pawn.} 25. Nxc4 Rxd1+ (25... bxc4 26. Rxd8+ (26. Nd2 $4 c3) 26... Rxd8 27. Qc2 Qd5 28. h3 Qd3 $1 29. Qxc4 (29. Qxd3 cxd3 30. Kf1 f5 31. Nd2 Bf6 $11) 29... Qxa3 $11) 26. Rxd1 bxc4 27. Rc1 (27. Nc3 f5 $1) 27... Qd5 $11) 25. Nxc4 Rxc4 (25... bxc4 26. Rd4 $1 $16 {[%cal Rd4c4,Rd4h4]}) 26. Rxc4 (26. Nc5 $5 Bxc5 27. bxc5 $36 Qc6 (27... Rxc1 28. Rxc1 Qc6 29. Qd3 $16 {[%csl Gc5,Rf6,Rh7,Rh8]}) 28. Rxc4 bxc4 29. Qb4 Qb5 30. Rc1 Qxb4 31. axb4 Rb8 32. c6 $1 $16 (32. Rxc4 a5 $132)) 26... bxc4 27. Qc2 Rc8 {White's position is clearly much easier to play and from here on slowly but surely improves his position while Black's position is difficult to improve.} 28. h3 Qc6 (28... f5 29. Qc3+ $1 Kg8 30. Nc5 Bxc5 31. bxc5 Qb3 32. Qd4 c3 33. Rc1 $1 c2 34. Qd7 Rb8 (34... Rxc5 35. Qd8+ Kg7 36. Qd4+) 35. Qd2 $16) (28... Kg7 29. Rd4 $1) (28... Qb5 {[%cal Ga6a5]} 29. Qc3 (29. Rd4 a5 $132) 29... Qa4 30. Rb1 $1 Kg7 31. g4 $36) 29. Rd4 $1 a5 {Black can't just sit and wait.} (29... c3 30. Nc5 Bxc5 31. Rh4 $1 {An important intermediate move.} f5 32. Qxc3+ Kg8 33. Rc4 $18) 30. Nd2 Rg8 (30... Qb5 {It looks like this can hold at first because it keeps the material balance, but White is simply positionally winning after} 31. Rxc4 Rxc4 32. Qxc4 Qxc4 33. Nxc4 axb4 34. a4 $1 $18 {e.g.} Bc5 35. Kf1 Kg7 36. Ke2 Kf8 37. Kd3 Ke7 38. Nd2 $18 {[%cal Gd3c4,Gd2b3,Ga4a5]} (38. Na5 $5 $18)) 31. g3 axb4 32. Rxc4 b3 33. Nxb3 Qf3 34. a4 {White has gained a clear pawn. Now he only needs a few accurate moves to put out Black's small intiative, which Shak was able to accomplish.} Bd6 35. Rc8 (35. Nd4 Qh5 36. Rc8 $1 (36. Kh2 $18) 36... Qxh3 37. a5 $18) 35... Rxc8 36. Qxc8+ Kg7 37. Qc2 Bb4 38. Qc4 Qb7 39. a5 Bd6 40. a6 Qb6 41. Nd4 Qa5 42. Kg2 Qa3 43. Qc6 {Black resigned as he cannot stop White's plan of promoting the a-pawn with help of the strong tandem of queen and knight.} 1-0